Spolupráca a najnovšie výsledky Slovenské centrum produktivity a I.D.C. Holding, a.s.
Spolupráca Slovenského centra produktivity a I.D.C. Holding, a.s. Príklad štatistického vyhodnotenia výsledkov analýzy úrovne komunikácie vo firme. Príklady kaizenu. Zvyšovanie produktivity v I.D.C.
Gespeichert in:
| 1. Verfasser: | |
|---|---|
| Format: | Buchkapitel |
| Sprache: | Slowakisch |
| Schlagworte: | |
| Tags: |
Keine Tags, Fügen Sie das erste Tag hinzu!
|
MARC
| LEADER | 00000naa a2200000 4500 | ||
|---|---|---|---|
| 001 | r040004 | ||
| 005 | 20230825104240.6 | ||
| 041 | 0 | |a slo | |
| 044 | |a SK | ||
| 245 | 1 | 0 | |a Spolupráca a najnovšie výsledky |b Slovenské centrum produktivity a I.D.C. Holding, a.s. |c Milan Gregor |
| 520 | |a Spolupráca Slovenského centra produktivity a I.D.C. Holding, a.s. Príklad štatistického vyhodnotenia výsledkov analýzy úrovne komunikácie vo firme. Príklady kaizenu. Zvyšovanie produktivity v I.D.C. | ||
| 610 | 2 | 0 | |a spolupráca podnikov |
| 610 | 2 | 0 | |a Slovenské centrum produktivity |
| 610 | 2 | 0 | |a I.D.C. Holding, a.s. |
| 610 | 2 | 0 | |a rast produktivity práce |
| 610 | 2 | 0 | |a kaizen |
| 610 | 2 | 0 | |a výkonnosť |
| 610 | 2 | 0 | |a linky výrobné |
| 100 | 1 | |a Gregor, Milan | |